000 00294nam a2200121 a 4500
005 20140414131918.0
008 101021s19uu xx 00 eng d
050 _aER
_bL72 2002
100 _aMackall, Dandi Daley
245 _aLIttle shepherd.
260 _bConcordia,
_c2002.
999 _c111603
_d111603